2025 NFL Draft Round 2 - Statistics

General Stats
  • This quiz has been taken 24 times
  • The average score is 11 of 32
Answer Stats
Hint Answer % Correct
Texans Jayden Higgins
82%
Browns Carson Schwesinger
73%
Browns Quinshon Judkins
73%
Patriots TreVeyon Henderson
73%
Bears Luther Burden III
64%
Seahawks Nick Emmanwori
55%
Dolphins Jonah Savaiinaea
45%
Jets Mason Taylor
45%
Saints Tyler Shough
45%
Cardinals Will Johnson
45%
Texans Aireonate Ersery
36%
49ers Alfred Collins
36%
Bengals Demetrius Knight Jr
36%
Cowboys Donovan Ezeiruaku
36%
Seahawks Elijah Arroyo
36%
Ravens Mike Green
27%
Titans Oluwafemi Oladejo
27%
Bears Ozzy Trapilo
27%
Broncos RJ Harvey
27%
Bears Shemar Turner
27%
Rams Terrance Ferguson
27%
Bills Tj Sanders
27%
Commanders Trey Amos
27%
Buccaneers Benjamin Morrison
18%
Panthers Nic Scourton
18%
Chiefs Omarr Norman-Lott
18%
Colts Tj Tuimoloau
18%
Chargers Tre Harris
18%
Eagles Andrew Mukuba
9%
Packers Anthony Belton
0%
Raiders Jack Betch
0%
Lions Tate Ratiedge
0%
No matching quizzes found
Score Distribution
Percent of People with Each Score
Percentile by Number Answered
Your Score History
You have not taken this quiz